000 00784nam a2200253Ia 4500
003 CO-BoRNBP
005 20231111213102.0
008 160315s2009 sp g 000 0 spa
020 _a9789584221766
040 _aCO-BoRNBP
_bspa
_erda
_cCO-BoRNBP
082 0 4 _aR 423.61 D545d
_222
245 1 0 _aDiccionario
_bespañol-inglés english - spanish espasa
250 _a1a. edición
264 _aBogotá
_bEspasa
_c2009
300 _a1008 páginas
_c24 cm
_e1 CD ROM
336 _atexto
_btxt
_2rdacontent
337 _asin mediación
_bn
_2rdamedia
338 _avolumen
_bnc
_2rdacarrier
500 _aIncluye índice general
650 1 4 _2LEMB
_aIngles
_xEspañol
_vDiccionarios
_950745
650 1 4 _2LEMB
_aEspañol
_xIngles
_vDiccionarios
_950746
650 1 4 _2LEMB
942 _2ddc
_cREF
999 _c2635
_d2635